000 00503nam a2200181Ia 4500
005 20250508161944.0
008 008 250505s9999 xx 000 0 hin d
037 _aTextual
040 _aFEDL
_beng
_cFEDL
041 _ahin
_2eng
084 _a891.437, VER
_qFEDL
100 _aVerma Keshav Chandra
245 0 _aAadhunik hindi hasya vyangya
260 _aNew Delhi, India
_bBhartiya Gyanpeeth
_c1975
300 _a236p
942 _cTEXL
_h891.437, VER
999 _c1373477
_d1373477